000 00647nam a2200193 i 4500
001 60289
003 ES-MaACL
005 20251003161852.0
007 t|
008 031104s1908 sp ||||1| spa d
100 1 _aEspejo, Cristóbal.
_947793
245 1 4 _aLas antiguas ferias de Medina del Campo
_b: investigación histórica /
_cpor Cristobal Espejo y Julián Paz.
260 _aValladolid :
_b[s.n.],
_c1908 (
_fLa nueva pincia)
300 _aVII, 342 p. ;
_c21 cm.
650 4 _aFerias-
_zMedina del Campo-
_vHistoria.
_9156781
700 1 _aPaz Espeso, Julián,
_d1868-1962
_989769
852 _aES-MaACL
_jF-1856
999 _c60289
_d60289